| 000 | 01231cam a2200361 a 4500 | ||
|---|---|---|---|
| 999 |
_c10386 _d10386 |
||
| 003 | OSt | ||
| 005 | 20220315152921.0 | ||
| 008 | 100706s2009 ii ab b 000 0 eng | ||
| 010 | _a 2010317940 | ||
| 020 | _a9788190852807 (pbk.) | ||
| 020 | _a8190852809 (pbk.) | ||
| 025 | _aI-E-2010-317940; 17-91 | ||
| 035 | _a(OCoLC)ocn648101317 | ||
| 035 | _a(OCoLC)648101317 | ||
| 042 |
_alccopycat _alcode |
||
| 043 | _aa-ii--- | ||
| 050 | 0 | 0 |
_aNA1508.N33 _bJ35 2009 |
| 082 | 0 | 4 |
_a623.109544 _222 _bJAI |
| 100 | 1 | _aJain, Minakshi. | |
| 245 | 1 | 0 |
_aArchitecture of a royal camp : _b[the retrieved fort of Nagaur] / _cMinakshi Jain, Kulbhushan Jain, Meghal Arya. |
| 260 |
_aAhmedabad : _bAADI Centre, _c2009. |
||
| 300 |
_axi, 212 p. : _bill. (chiefly col.), map ; _c28 cm. |
||
| 504 | _aIncludes bibliographical references (p. 212). | ||
| 650 | 0 |
_aFortification _zIndia _zNagaur. |
|
| 650 | 0 |
_aPalaces _zIndia _zNagaur _vDesigns and plans. |
|
| 651 | 0 | _aNāgaura Kilā (Nagaur, India) | |
| 651 | 0 |
_aNāgaur (India) _vAntiquities. |
|
| 651 | 0 |
_aNāgaura Kilā (Nagaur, India) _vPictorial works. |
|
| 700 | 1 | _aJain, Kulbhushan. | |
| 700 | 1 | _aArya, Meghal. | |
| 710 | 2 | _aArt Architecture and Design India Centre. | |
| 942 | _2ddc | ||